| 000 | 01258nam a2200277Ia 4500 | ||
|---|---|---|---|
| 003 | Ost | ||
| 005 | 20260507075649.0 | ||
| 008 | 260507s9999||||xx |||||||||||||| ||und|| | ||
| 020 | _a3328119957 | ||
| 040 | _cfsecg | ||
| 041 | _aara | ||
| 082 | _a659.1 | ||
| 100 |
_aالغالبي، طاهر محسن _eمؤلف |
||
| 245 | 0 |
_aالإعلان : _bمدخل تطبيقي / _c طاهر محسن الغالبي |
|
| 250 | _aطبعة 2 | ||
| 260 |
_aعمان: _bدار وائل للنشر والتوزيع, _c2003 |
||
| 300 |
_a283 صفحة؛ _bإيضاحات ؛ _c24 سم |
||
| 504 | _aالمراجع ص.283 | ||
| 520 | _aنشأة وتطور الإعلان- إدارة الإعلان- ميزانية الإعلان- وكالات الإعلان- الإعلان والمزيج التسويقي والترويجي- تصميم الإعلان- العوامل على فاعلية الإعلان- تخطيط الحملات الإعلانية وتصميمها- الإعلان والانترنت. | ||
| 653 | _aإدارة الاعمال | ||
| 653 | _aالإعلان التجاري | ||
| 653 | _aالإعلان- تنظيم وتجارة | ||
| 653 | _aالتسويق | ||
| 700 |
_aالعسكري، أحمد شاكر _eمؤلف ثانوي |
||
| 942 | _cكتاب | ||
| 999 |
_c45551 _d45551 |
||